000
00366nam a2200157Ia 4500
003
GCL
008
140319s9999 xx 000 0 ara d
040
_a
GCL /
_c
GCL
082
0
4
_a
كاسيت
_b
228
_b
ا د
245
1
0
_a
دىدى
260
_a
[S.N] :
_b
لا يوجد
490
_a
650
0
4
_a
الاغانى
650
0
4
_a
شرائط كاسيت
942
_2
ddc
_c
BK
999
_c
34068
_d
34068